02317nam a22002777a 4500008004100000020001800041040000800059041000800067100004300075245017300118260003600291300004900327490002700376520062400403520055401027650003801581650004801619650006101667650004601728650005501774700004701829700003501876942000801911952010501919999001502024251014b |||||||| |||| 00| 0 eng d a9788411573504 ctbs aspa aDíaz Gutiérrez, Eva926154eauthor aMundo profesional 1b: guía didáctica : curso de español para ámbitos profesionales A1-A2c/ Eva Díaz Gutiérrez, Vanessa Ordovás García, Mila Sánchez. aBarcelona :bDifusión,c2023. a128 pages :billustrations (color) ;c28 cm. aMundo profesional ;v1 aMundo profesional es un método de español ideal para descubrir el mundo de habla hispana y aprender a comunicarse en diferentes situaciones de la vida profesional. El primer nivel prepara para alcanzar un A2 del Marco Común Europeo de Referencia para las Lenguas. Esta Guía didáctica ofrece: • explicaciones detalladas para llevar a cabo las actividades del manual de manera sencilla y eficaz • ideas complementarias para enriquecer la experiencia de aprendizaje • soluciones de las actividades del manual • propuestas metodológicas para trabajar con ritmos de aprendizaje individualizados  aMundo profesional is a Spanish-learning method designed to explore the Spanish-speaking world and learn how to communicate in various professional settings. The first level aims to reach an A2 level of the Common European Framework of Reference for Languages. This Teacher’s Guide offers: • Detailed explanations to carry out the textbook activities easily and effectively • Additional ideas to enrich the learning experience • Answers to the textbook activities • Methodological suggestions for working with individualized learning paces 0aSpanish language xGrammar910270 0aSpanish languagexStudy and teaching926155 0aSpanish language xTextbooks for foreign speakers912081 0aSpanish languagexBusiness Spanish926156 0aSpanish languagevComposition and exercises926157 aOrdovás García, Vanessa926158eauthor aSánchez, Mila926159eauthor 2lcc 00102lcc4070aTBSbTBSd2025-10-14l0oP-SP LEARN DIApB07687r2025-10-14t1w2025-10-14ySPANISH c5045d5045